Géographie du monde sur une carte par lettre - G - Statistiques

Statistiques générales
  • Ce quiz a été pris 160 fois
  • Le résultat moyen est 17 sur 22
Réponses sur la Carte
Les réponses sont colorées sur une échelle allant du rouge au vert en fonction du pourcentage des utilisateurs qui les ont devinées à leur premier essai. Vous pouvez retrouver ces pourcentages ci-dessous.
 
Statistiques - réponses
Type de quiz Réponse % Correct
Étendues d'eau Détroit de {Gibraltar}
95%
Pays Géorgie
93%
Pays Grèce
93%
Pays Guatemala
92%
Pays Gabon
91%
Îles Groenland
91%
Pays Ghana
88%
Régions Guyane
86%
Étendues d'eau Golfe de {Guinée}
85%
Îles Grande-Bretagne
84%
Villes Glasgow
79%
Désert Gobi
77%
Îles Guadeloupe
77%
Villes Genève
76%
Fleuve Gange
74%
Archipels Galápagos
68%
Étendues d'eau Golfe de {Gascogne}
68%
Villes Gaza
61%
Régions Galice
55%
Villes Guadalajara
55%
Villes Gaborone
48%
Régions Gujarat
19%
Aucun quiz correspondant
Distribution des résultats
% des personnes avec chaque résultat
Percentile par nombre de réponses
Votre historique - résultats
Vous n’avez pas pris ce quiz